00665nam a22002177a 450000500170000000800410001704000070005824500220006525000290008749000240011650000160014052001480015665000230030465000230032765000100035065000170036065000150037794200120039299900150040495200280041920250519101913.0250519b |||||||| |||| 00| 0 eng d cDO aAsia's last lions aJune 2001 Vol. 199 No. 6 aNational Geographic aProbing Chi aProbing Chile's Wild Coast, Marco Polo in China, Asia's Last Lions, Wales, Oil and Honor at Pearl Harbor, Eternal Djenne, Cary, North Carolina. xCHILE'S WILD COAST xMARCO POLO PART II xLIONS xPEARL HARBOR xDJÉNNÉ 2ddccCR c5523d5523 aDObDOpDSMSR022001-060